000 01057nam a22003137a 4500
003 CHAP
005 20220329143424.0
008 090610s2009 mx r 00010 spa d
010 _a96350
011 _a97322
020 _a9789701351611
035 _a107986
040 _cCHAP
082 0 4 _a317.2
_bIn31
110 1 _aInstituto Nacional de Estadística, Geografía e Informática. México
_959304
245 1 0 _aCronología de la estadística en México (1521 - 2008)
_c/por Instituto Nacional de Estadística, Geografía e Informática
260 _aAguascalientes, Ags. :
_bINEGI,
_cc2009
300 _a99 p.
490 0 _aMemoria
590 _aBATCH-UPD
_b10
_c20130110
_lUCH01
_h0929
590 _aBATCH-UPD
_b10
_c20130410
_lUCH01
_h0549
590 _aBATCH-UPD
_b10
_c20130914
_lUCH01
_h1824
590 _aCONVERSION
_b10
_c20130109
_lUCH01
_h1353
650 1 4 _aMéxico
_xEstadísticas.
_976743
830 0 _aMemoria
_974510
901 _aBK
942 _cLIBRO
949 _a317.2 In31
_bBC
_cINEGI
_d33724002135504
_eINEGI
_gDonaciØn
_h110734
_i107986
_sb
999 _c96350
_d96350